Catalog

Record Details

Catalog Search



Failures of imagination : the deadliest threats to ... Read More

McCaul, Michael,(author.).

Available copies

  • 1 of 1 copy available at LARL/NWRL Consortium.
  • 1 of 1 copy available at Lake Agassiz Regional Library. (Show preferred library)

Current holds

0 current holds with 1 total copy.

Show Only Available Copies
Location Call Number / Copy Notes Barcode Shelving Location Status Due Date
Fertile Public Library 363.325 MCC (Text) 33500012223632 Main Available -

Record details

  • ISBN: 9781101905418
  • ISBN: 1101905417
  • ISBN: 9781101905425
  • ISBN: 1101905425
  • Physical Description: viii, 296 pages : illustrations ; 24 cm
  • Edition: First edition.
  • Publisher: New York : Crown Forum, [2016]

Content descriptions

Bibliography, etc. Note:
Includes bibliographical references (pages ... Read More
Formatted Contents Note:
Unfinished Business : A Decapitation Strike at the ... Read More
Summary, etc.:
"From the Chairman of the U.S. House of ... Read More
Subject: Terrorism > Prevention > Government policy > United States.
Cyberterrorism > Prevention > Government policy > United States.
National security > United States.
LDR 02267cam a22004218i 4500
001198639
003LARL_NWRL_CONSORTIUM
00520160119131502.0
008150923t20162016nyua b 001 0 eng
020 . ‡a9781101905418 ‡q(hardback) : ‡c$26.00
020 . ‡a1101905417 ‡q(hardback) : ‡c$26.00
020 . ‡a9781101905425
020 . ‡a1101905425
035 . ‡a(OCoLC)930068030
042 . ‡apcc
043 . ‡an-us---
08200. ‡a363.3250973 ‡223
1001 . ‡aMcCaul, Michael, ‡eauthor. ‡0(LARL_NWRL_CONSORTIUM)224603
24510. ‡aFailures of imagination : ‡bthe deadliest threats to our homeland--and how to thwart them / ‡cU.S. Congressman Michael McCaul, chairman, Homeland Security Committee, U.S. House of Representatives.
250 . ‡aFirst edition.
264 1. ‡aNew York : ‡bCrown Forum, ‡c[2016]
264 4. ‡c©2016
300 . ‡aviii, 296 pages : ‡billustrations ; ‡c24 cm
336 . ‡atext ‡btxt ‡2rdacontent
337 . ‡aunmediated ‡bn ‡2rdamedia
338 . ‡avolume ‡bnc ‡2rdacarrier
504 . ‡aIncludes bibliographical references (pages 257-286) and index.
5050 . ‡aUnfinished Business : A Decapitation Strike at the U.S. Capitol -- The Venezuelan Connection : Hezbollah Goes Radioactive on Our Southern Border -- The Manchurian Campaign : China Plots to Buy the White House (Again) -- Black Friday : Massacre at the Mall of America -- Going Dark : Cyberstrike on the World's Financial Capital -- The Threat We Can't See : Bioterror in the Magic Kingdom -- Final Approach : Terror in the Skies of Los Angeles on Oscar Night -- North Atlantic Storm : Russia Launches a New Cold War.
520 . ‡a"From the Chairman of the U.S. House of Representatives Homeland Security Committee, a gripping look at the most dangerous and unexpected threats to our national security--and the actions needed to protect us,"--Amazon.com.
650 0. ‡aTerrorism ‡xPrevention ‡xGovernment policy ‡zUnited States. ‡0(LARL_NWRL_CONSORTIUM)167700
650 0. ‡aCyberterrorism ‡xPrevention ‡xGovernment policy ‡zUnited States.
650 0. ‡aNational security ‡zUnited States. ‡0(LARL_NWRL_CONSORTIUM)33507
905 . ‡uvanderl
901 . ‡a198639 ‡b ‡c198639 ‡tbiblio ‡soclc

Additional Resources